00000000nam##2200000za#4500
0019.571590
003CaOODSP
00520211126112844
007cr |||||||||||
008150406|2002||||xxc|||||o    f|0| 0 eng|d
022 |a1701-9397
040 |aCaOODSP|beng
043 |an-cn---
0861 |aFB3-2/102-11E-PDF
1102 |aBank of Canada.
24510|aRisk, entropy, and the transformation of distributions / |h[electronic resource]|cby R. Mark Reesor and Don L. McLeish.
260 |aOttawa - Ontario : |bBank of Canada |cApril 2002.
300 |a41p.|breferences, tables
4901 |aBank of Canada working paper|x1701-9397|v2002-11
500 |a"The exponential family, relative entropy, and distortion are methods of transforming probability distributions. We establish a link between those methods, focusing on the relation between relative entropy and distortion."--Abstract.
500 |aThe ISSN (1192-5434) for the print edition has been incorrectly copied in this electronic publication.
5203 |aThe exponential family, relative entropy, and distortion are methods of transforming probability distributions. We establish a link between those methods, focusing on the relation between relative entropy and distortion.--Abstract
546 |aRésumé en français.
590 |a11-19-Supp|b2011-09-23
69007|aDistribution|2gcpds
69007|aEconomic indicators|2gcpds
69007|aModels|2gcpds
7201 |aReesor, R. Mark
7201 |aMcLeish, Don L.
7760#|tRisk, entropy, and the transformation of distributions / |w(CaOODSP)9.615976
830#0|aWorking paper (Bank of Canada)|x1701-9397|v2002-11|w(CaOODSP)9.504604
85640|ahttp://publications.gc.ca|qPDF|s321 KB|uhttps://publications.gc.ca/collections/Collection/FB3-2-102-11E.pdf|y2002-11